Hoá học đại cương 3 - thực hành trong phòng thí nghiệm Giáo trình cao đẳng Sư phạm

Bao gồm 24 bài thí nghiệm về một số vấn đề cơ bản nhất của chương trình hoá học đại cương

Đã lưu trong:
Chi tiết về thư mục
Tác giả chính: Hà Thị Ngọc Loan
Định dạng: Sách
Ngôn ngữ:Vietnamese
Được phát hành: H. Đại học Sư phạm 2007
Những chủ đề:
Các nhãn: Thêm thẻ
Không có thẻ, Là người đầu tiên thẻ bản ghi này!
Thư viện lưu trữ: Mạng thư viện Đại học Đà Nẵng
LEADER 01313aam a22003618a 4500
001 000008497
003 4686
005 20111018161056.0
008 111018s2007 viesd
020 |c 36000đ  |d 1000b 
041 0 |a vie 
082 1 4 |2 14  |a 540.71 
084 |a D1z73  |b H401H 
100 1 |a Hà Thị Ngọc Loan 
245 |a Hoá học đại cương 3 - thực hành trong phòng thí nghiệm  |b Giáo trình cao đẳng Sư phạm  |c Hà Thị Ngọc Loan 
260 |a H.  |b Đại học Sư phạm  |c 2007 
300 |a 233tr.  |b hình vẽ  |c 24cm 
500 |a Đầu bìa tên sách ghi: Bộ Giáo dục và Đào tạo. Dự án Đào tạo giáo viên THCS 
504 |a Phụ lục: tr. 197-232. - Thư mục: tr. 233 
520 |a Bao gồm 24 bài thí nghiệm về một số vấn đề cơ bản nhất của chương trình hoá học đại cương 
650 7 |2 Bộ TK TVQG  |a Hoá đại cương 
650 7 |2 Bộ TK TVQG  |a Thực hành 
650 7 |2 Bộ TK TVQG  |a Thí nghiệm 
650 7 |2 Bộ TK TVQG  |a Hoá vô cơ 
655 7 |2 Bộ TK TVQG  |a Giáo trình 
OWN |a LSP 
999 |a From the UDN01 
TYP |a Monograph 
TYP |a Printed language 
980 |a Mạng thư viện Đại học Đà Nẵng